[Event "European Rapid 2011"]
[Site "Warsaw POL"]
[Date "2011.12.17"]
[Round "1"]
[White "Potkin, Vladimir"]
[Black "Tomczak, Mikolaj"]
[Result "1-0"]
[WhiteTitle "GM"]
[WhiteElo "2684"]
[BlackElo "1825"]
[WhiteFideId "4131061"]
[BlackFideId "1175114"]
[EventDate "2011.12.17"]

1. c4 Nf6 2. Nc3 g6 3. d4 Bg7 4. g3 O-O 5. Bg2 d6 6. Nf3 c6 7. O-O Bf5 8. Nh4
Be6 9. b3 d5 10. Qd3 Ne4 11. Bb2 Nxc3 12. Bxc3 Nd7 13. Nf3 Bf5 14. Qd2 Be4 15.
Rfd1 Nb6 16. cxd5 cxd5 17. Rac1 Rc8 18. Bh3 e6 19. Ne5 Bxe5 20. dxe5 g5 21. Bd4
Rxc1 22. Rxc1 h6 23. Qa5 g4 24. Bf1 Qb8 25. Qd2 Kg7 26. Qf4 Bf5 27. f3 gxf3 28.
exf3 Nd7 29. g4 Bg6 30. h4 Rc8 31. Re1 Rc2 32. h5 Bh7 33. Re2 Rxe2 34. Bxe2 Bb1
35. a4 b6 36. Kf2 Qd8 37. Kg3 Nc5 38. Be3 Qg5 39. Qxg5+ hxg5 40. Bxg5 Nxb3 41.
Bf6+ Kg8 42. Bb5 Nc5 43. Be7 Bc2 44. a5 Bd3 45. Bc6 Nb3 46. axb6 axb6 47. Kf4
Nd4 48. Be8 Bb5 49. Bxb5 Nxb5 50. Bd8 Nc3 51. Bxb6 Nb5 52. Bc5 Nc7 53. Kg5 Ne8
54. f4 Kh7 55. f5 Kg8 56. fxe6 fxe6 57. Kg6 Nc7 58. Kf6 Kh7 1-0

[Event "European Rapid 2011"]
[Site "Warsaw POL"]
[Date "2011.12.17"]
[Round "1"]
[White "Azarov, Sergei"]
[Black "Karwowski, Kacper"]
[Result "1-0"]
[WhiteTitle "GM"]
[WhiteElo "2667"]
[BlackElo "1822"]
[WhiteFideId "13501470"]
[BlackFideId "1126032"]
[EventDate "2011.12.17"]

1. e4 c5 2. Nf3 d6 3. d4 cxd4 4. Nxd4 Nf6 5. Nc3 a6 6. Bg5 e6 7. f4 Be7 8. Qf3
Qc7 9. O-O-O Nbd7 10. Bd3 b5 11. Rhe1 Bb7 12. Nd5 exd5 13. Nf5 Bf8 14. e5 dxe5
15. fxe5 Ne4 16. Bxe4 dxe4 17. Rxe4 Qc6 18. e6 fxe6 19. Nxg7+ Bxg7 20. Qh5+ Kf8
21. Rf4+ Bf6 22. Bxf6 e5 23. Bxe5+ Ke7 24. Rf7+ Kd8 25. Rdxd7+ Qxd7 26. Rxd7+
Kxd7 27. Qf7+ 1-0

[Event "European Rapid 2011"]
[Site "Warsaw POL"]
[Date "2011.12.17"]
[Round "1"]
[White "Sjogren, Stig"]
[Black "Kryvoruchko, Yuriy"]
[Result "0-1"]
[BlackTitle "GM"]
[WhiteElo "1822"]
[BlackElo "2666"]
[WhiteFideId "1714287"]
[BlackFideId "14109182"]
[EventDate "2011.12.17"]

1. e4 c5 2. Nf3 Nc6 3. d4 cxd4 4. Nxd4 e6 5. c4 Nf6 6. Nc3 Bb4 7. f3 O-O 8. Be2
d5 9. Nxc6 bxc6 10. cxd5 cxd5 11. O-O d4 12. Na4 e5 13. a3 Be7 14. b4 Bd7 15.
Nb2 a5 16. Bd2 axb4 17. axb4 Qb6 18. Nc4 Qc7 19. Rc1 Rfb8 20. Nb2 Qb6 21. Nd3
Bb5 22. Qb3 Nd7 23. Rb1 Qa6 24. Rfc1 Qa2 25. Qd1 Rc8 26. f4 exf4 27. Nxf4 Bxe2
28. Nxe2 Bf6 29. Nf4 Bg5 30. g3 h6 31. Be1 Ne5 32. Rxc8+ Rxc8 33. Nd5 Nf3+ 34.
Qxf3 Qxb1 35. Kf1 Rc1 36. Qe2 d3 0-1

[Event "European Rapid 2011"]
[Site "Warsaw POL"]
[Date "2011.12.17"]
[Round "1"]
[White "Timofeev, Artyom"]
[Black "Delekta, Filip"]
[Result "1-0"]
[WhiteTitle "GM"]
[WhiteElo "2659"]
[BlackElo "1820"]
[WhiteFideId "4140419"]
[BlackFideId "1177400"]
[EventDate "2011.12.17"]

1. c4 Nf6 2. Nf3 c5 3. Nc3 g6 4. d4 Bg7 5. e4 cxd4 6. Nxd4 d6 7. Be2 O-O 8. O-O
Nc6 9. Be3 a6 10. Rc1 Bd7 11. Nc2 Rc8 12. Qd2 Re8 13. f3 Ne5 14. b3 Bc6 15. Rfd1
Qd7 16. h3 Qc7 17. Nd4 Red8 18. f4 Nxe4 19. Qe1 Nxc3 20. Rxc3 Nd7 21. Nxc6 bxc6
22. Rc2 c5 23. Bg4 h5 24. Bf3 e5 25. Kh1 f5 26. Bd5+ Kh7 27. Rcd2 e4 28. g4 Nf8
29. gxf5 gxf5 30. Qh4 Bh6 31. Qxh5 Ng6 32. Rg2 Ne7 33. Rdg1 Rg8 34. Qf7+ 1-0

[Event "European Rapid 2011"]
[Site "Warsaw POL"]
[Date "2011.12.17"]
[Round "1"]
[White "Zhigalko, Sergei"]
[Black "Murawko, Katarzyna"]
[Result "1-0"]
[WhiteTitle "GM"]
[WhiteElo "2651"]
[BlackElo "1813"]
[WhiteFideId "13502956"]
[BlackFideId "1143948"]
[EventDate "2011.12.17"]

1. c4 c5 2. g3 Nf6 3. Bg2 d6 4. Nc3 g6 5. e3 Bg7 6. d4 Nbd7 7. Nge2 O-O 8. O-O
Rb8 9. Rb1 b6 10. h3 Ba6 11. b3 Bb7 12. d5 a6 13. a4 Qc7 14. e4 e6 15. Be3 exd5
16. exd5 Rfe8 17. Qd2 Bc8 18. g4 Nf8 19. Ng3 Re7 20. Bg5 Re5 21. f4 Re8 22. f5
N8d7 23. Rf2 Nxg4 24. hxg4 Bd4 25. Nge4 Kh8 26. Be3 Bxe3 27. Qxe3 Ne5 28. Nf6
Re7 29. Qh6 1-0

[Event "European Rapid 2011"]
[Site "Warsaw POL"]
[Date "2011.12.17"]
[Round "1"]
[White "Smieszek, Wojciech"]
[Black "Belov, Vladimir"]
[Result "1/2-1/2"]
[BlackTitle "GM"]
[WhiteElo "1805"]
[BlackElo "2641"]
[WhiteFideId "1156047"]
[BlackFideId "4132394"]
[EventDate "2011.12.17"]

1. e4 c6 2. d4 d5 3. exd5 cxd5 4. c4 Nf6 5. Nc3 e6 6. Nf3 Bb4 7. Bg5 O-O 8. Bd3
dxc4 9. Bxc4 h6 10. Bh4 Nc6 11. O-O Be7 12. Re1 b6 13. d5 Na5 14. Bb5 a6 15. Bc6
Ra7 16. b4 Bxb4 17. Re3 Be7 18. Rd3 Nxc6 19. dxc6 Qc7 20. Rc1 Qxc6 21. Nd5 Qxd5
22. Rxd5 Nxd5 23. Bxe7 Rxe7 24. Ne5 Bb7 25. Qg4 b5 26. Qg3 Ree8 27. Ng4 Kh8 28.
Qh4 Kh7 29. Ne5 Rc8 30. Rxc8 Rxc8 31. h3 Kg8 32. Qh5 Rc7 33. Qh4 Rc8 34. Qh5 Rc7
35. Qh4 Nf6 36. Qf4 Rc8 37. g4 Rc7 38. h4 Nd5 39. Qg3 Rc1+ 40. Kh2 b4 41. Qf3
Rc7 42. g5 hxg5 43. hxg5 g6 44. Qh3 Ne7 45. Ng4 Nf5 46. Nf6+ Kf8 47. Qh8+ Ke7
48. Qe8+ Kd6 49. Qd8+ Kc6 50. Qd3 Nd6 51. Ne4 Nxe4 52. Qxe4+ Kb5 53. Qd3+ Kc5
54. Qe3+ Kc6 55. Qe4+ Kb5 56. Qd3+ Kc5 57. Qc2+ Kb6 58. Qd2 a5 59. Qd4+ Rc5 60.
Qd8+ Ka6 61. Qd6+ 1/2-1/2

[Event "European Rapid 2011"]
[Site "Warsaw POL"]
[Date "2011.12.17"]
[Round "1"]
[White "Socko, Bartosz"]
[Black "Hryszkiewicz, Michal"]
[Result "1-0"]
[WhiteTitle "GM"]
[WhiteElo "2635"]
[BlackElo "1805"]
[WhiteFideId "1107038"]
[BlackFideId "1162977"]
[EventDate "2011.12.17"]

1. e4 e6 2. d4 d5 3. Nc3 Nf6 4. e5 Nfd7 5. f4 c5 6. Nf3 Nc6 7. Be3 Qb6 8. Na4
Qa5+ 9. c3 cxd4 10. b4 Qc7 11. Nxd4 a6 12. Qd2 Be7 13. Bd3 b5 14. Nb2 Nb6 15. a4
Nc4 16. Nxc4 bxc4 17. Bc2 Bd7 18. O-O O-O 19. Rae1 f5 20. exf6 Bxf6 21. Nxc6
Bxc6 22. Bd4 Qd7 23. a5 Qf7 24. Re3 Bxd4 25. Qxd4 Rfe8 26. Rfe1 Ra7 27. Rh3 g6
28. Bxg6 Qxg6 29. Qxa7 Kh8 30. Qd4+ Qg7 31. Re5 Re7 32. Rg3 Qf6 33. f5 Bd7 34.
Rf3 Rg7 35. Rf2 exf5 36. Re8+ 1-0

[Event "European Rapid 2011"]
[Site "Warsaw POL"]
[Date "2011.12.17"]
[Round "1"]
[White "Wielek, Thomas"]
[Black "Romanov, Evgeny"]
[Result "0-1"]
[BlackTitle "GM"]
[WhiteElo "1799"]
[BlackElo "2627"]
[WhiteFideId "1152424"]
[BlackFideId "4148843"]
[EventDate "2011.12.17"]

1. e4 e5 2. Nf3 Nc6 3. d4 exd4 4. Bc4 Nf6 5. e5 d5 6. Bb5 Ne4 7. Nxd4 Bd7 8.
Bxc6 bxc6 9. O-O Be7 10. f3 Nc5 11. c3 a5 12. Be3 O-O 13. Qc2 Re8 14. Nd2 Bf8
15. f4 f6 16. N2f3 Ne4 17. b4 axb4 18. cxb4 Ra3 19. Bd2 c5 20. bxc5 Bxc5 21. Kh1
Ba4 22. Nb3 Qa8 23. Bc3 Nf2+ 24. Kg1 Ng4+ 25. Bd4 Bxd4+ 26. Nfxd4 Bxb3 27. Nxb3
Ne3 28. Qxc7 Nxf1 29. exf6 gxf6 30. Rxf1 Qa7+ 31. Qxa7 Rxa7 32. Rd1 Rxa2 33. Nc5
Ree2 34. f5 Rxg2+ 35. Kf1 Rxh2 36. Kg1 Rag2+ 0-1

[Event "European Rapid 2011"]
[Site "Warsaw POL"]
[Date "2011.12.17"]
[Round "1"]
[White "Erdos, Viktor"]
[Black "Paczka, Patryk"]
[Result "1-0"]
[WhiteTitle "GM"]
[WhiteElo "2623"]
[BlackElo "1799"]
[WhiteFideId "719978"]
[BlackFideId "1143336"]
[EventDate "2011.12.17"]

1. d4 Nf6 2. c4 g6 3. f3 Bg7 4. e4 d6 5. Ne2 O-O 6. Be3 e5 7. Nbc3 a6 8. Qd2 Re8
9. d5 c5 10. g4 h5 11. h3 b5 12. cxb5 axb5 13. Nxb5 Ba6 14. Nec3 Kh7 15. Bg5
Bxb5 16. Bxb5 Re7 17. gxh5 Nxh5 18. h4 f6 19. Be3 Qf8 20. a4 Rf7 21. Rg1 Bh6 22.
Bxh6 Qxh6 23. Be8 Rg7 24. Qxh6+ Kxh6 25. Nb5 Na6 26. Nxd6 Nb4 27. Kd2 Rb8 28.
Bb5 Nf4 29. Rac1 Rc7 30. Ne8 Rxe8 31. Bxe8 Nbd3 32. Rc3 Nxb2 33. Rb1 Rb7 34. Kc2
Re7 35. Bb5 1-0

[Event "European Rapid 2011"]
[Site "Warsaw POL"]
[Date "2011.12.17"]
[Round "1"]
[White "Theodore, Simon"]
[Black "Miton, Kamil"]
[Result "0-1"]
[BlackTitle "GM"]
[WhiteElo "1799"]
[BlackElo "2622"]
[WhiteFideId "655562"]
[BlackFideId "1111914"]
[EventDate "2011.12.17"]

1. e4 c5 2. Nf3 Nc6 3. d4 cxd4 4. Nxd4 Nf6 5. Nc3 d6 6. Bc4 Qb6 7. Nxc6 bxc6 8.
O-O e6 9. Bb3 Be7 10. Be3 Qc7 11. Qe2 O-O 12. Rfd1 d5 13. exd5 cxd5 14. Bd4 Bb7
15. Be5 Qc8 16. Qd3 Nd7 17. Bg3 Bf6 18. Re1 Nc5 19. Qd2 d4 20. Ne2 e5 21. Bc4
Qc6 22. f3 Rad8 23. Bd3 h6 24. Qb4 e4 25. fxe4 Nxe4 26. Bb5 Qb6 27. Qc4 d3+ 0-1

[Event "European Rapid 2011"]
[Site "Warsaw POL"]
[Date "2011.12.17"]
[Round "1"]
[White "Sjugirov, Sanan"]
[Black "Sirokov, Jevgenijs"]
[Result "1-0"]
[WhiteTitle "GM"]
[WhiteElo "2622"]
[BlackElo "1796"]
[WhiteFideId "4189302"]
[BlackFideId "11601957"]
[EventDate "2011.12.17"]

1. e4 c5 2. Nf3 d6 3. c3 Nf6 4. Be2 g6 5. O-O Bg7 6. Bb5+ Bd7 7. Bxd7+ Qxd7 8.
Re1 Nc6 9. d4 cxd4 10. cxd4 O-O 11. Nc3 Rac8 12. Bg5 Rfe8 13. Qd2 Na5 14. Rad1
Nc4 15. Qe2 Qc7 16. e5 dxe5 17. dxe5 Nd7 18. Nd5 Qc5 19. b4 Qc6 20. Nxe7+ Rxe7
21. Bxe7 Ndxe5 22. Nxe5 Nxe5 23. b5 Qc3 24. Bd6 Re8 25. Kf1 Re6 26. Rc1 Nd7 27.
Rxc3 Rxe2 28. Rc8+ 1-0

[Event "European Rapid 2011"]
[Site "Warsaw POL"]
[Date "2011.12.17"]
[Round "1"]
[White "Andriasian, Zaven"]
[Black "Smal, Tobiasz"]
[Result "1-0"]
[WhiteTitle "GM"]
[WhiteElo "2619"]
[BlackElo "1788"]
[WhiteFideId "13302000"]
[BlackFideId "1158279"]
[EventDate "2011.12.17"]

1. e4 c5 2. Nf3 d6 3. d4 cxd4 4. Nxd4 Nf6 5. Nc3 a6 6. Be3 e5 7. Nf3 Be7 8. Bc4
O-O 9. O-O Be6 10. Qe2 b5 11. Bb3 Nbd7 12. Bxe6 fxe6 13. Ng5 Re8 14. Nxe6 Qa5
15. a3 b4 16. axb4 Qxb4 17. Nc7 Qxb2 18. Qc4+ Kh8 19. Nxa8 Qb7 20. Qxa6 Qb2 21.
Qd3 Qb7 22. Ra7 Qc6 23. Nc7 Rc8 24. N7d5 Bd8 25. Nxf6 Nxf6 26. Nd5 Nxd5 27. Qxd5
Qxc2 28. Ra8 h6 29. Rxc8 Qxc8 30. Qxd6 1-0

[Event "European Rapid 2011"]
[Site "Warsaw POL"]
[Date "2011.12.17"]
[Round "1"]
[White "Ferraris, Danilo"]
[Black "Gajewski, Grzegorz"]
[Result "0-1"]
[BlackTitle "GM"]
[WhiteElo "1788"]
[BlackElo "2616"]
[WhiteFideId "863610"]
[BlackFideId "1116207"]
[EventDate "2011.12.17"]

1. d4 Nf6 2. e3 g6 3. Bd3 Bg7 4. f4 O-O 5. Nf3 d6 6. c3 c5 7. O-O b6 8. e4 Ba6
9. Bxa6 Nxa6 10. Qe2 Qc8 11. d5 c4 12. Na3 Nc5 13. Nd2 e6 14. dxe6 Qxe6 15. Qxc4
d5 16. f5 gxf5 17. Qe2 fxe4 18. Nb5 Qg4 19. Qxg4 Nxg4 20. Rf4 f5 21. Nf1 Nd3 0-1

[Event "European Rapid 2011"]
[Site "Warsaw POL"]
[Date "2011.12.17"]
[Round "1"]
[White "Melkumyan, Hrant"]
[Black "Vins, Aleksis"]
[Result "1-0"]
[WhiteTitle "GM"]
[WhiteElo "2615"]
[BlackElo "1788"]
[WhiteFideId "13302485"]
[BlackFideId "11604140"]
[EventDate "2011.12.17"]

1. e4 c5 2. Nf3 Nc6 3. Bb5 g6 4. Bxc6 dxc6 5. d3 Bg7 6. h3 Nf6 7. Nbd2 Nd7 8.
O-O e5 9. a4 O-O 10. a5 Qe7 11. Nc4 Rb8 12. Bd2 b5 13. axb6 axb6 14. Ra7 Bb7 15.
Qe1 Rfd8 16. Bc3 f6 17. Nfd2 Rdc8 18. b3 b5 19. Ne3 Nf8 20. f4 exf4 21. Rxf4 Ne6
22. Rf1 Ra8 23. Rxa8 Rxa8 24. Qh4 Nd4 25. Bxd4 cxd4 26. Ng4 Ra2 27. e5 Qe6 28.
exf6 Bf8 29. Ne4 h5 30. Qg5 Kh7 31. Ne5 1-0

[Event "European Rapid 2011"]
[Site "Warsaw POL"]
[Date "2011.12.17"]
[Round "1"]
[White "Vdovenko, Volodymyr"]
[Black "Markowski, Tomasz"]
[Result "0-1"]
[BlackTitle "GM"]
[WhiteElo "1784"]
[BlackElo "2606"]
[WhiteFideId "14110938"]
[BlackFideId "1105680"]
[EventDate "2011.12.17"]

1. Nf3 g6 2. g3 Bg7 3. Bg2 c5 4. O-O Nc6 5. d3 d6 6. e4 e5 7. Nbd2 Nge7 8. c3
O-O 9. Qe2 h6 10. a4 Be6 11. Re1 Qd7 12. Nf1 f5 13. exf5 Bxf5 14. Be3 Rf7 15.
Qd2 Kh7 16. Nh4 Be6 17. f4 Raf8 18. Qc2 exf4 19. gxf4 Bf6 20. Nf3 Nf5 21. Ng3 b6
22. Re2 d5 23. Nxf5 Bxf5 24. Ne5 Bxe5 25. fxe5 Nxe5 26. Qd2 Ng4 27. Rf1 Nxe3 28.
Qxe3 d4 29. Qe5 Bxd3 30. Rxf7+ Qxf7 31. Re1 dxc3 32. bxc3 h5 33. a5 Qf2+ 34. Kh1
bxa5 35. Qc7+ Rf7 36. Qe5 a4 37. Qd5 Qxe1+ 0-1

[Event "European Rapid 2011"]
[Site "Warsaw POL"]
[Date "2011.12.17"]
[Round "1"]
[White "Kempinski, Robert"]
[Black "Palasz, Krzysztof"]
[Result "1-0"]
[WhiteTitle "GM"]
[WhiteElo "2603"]
[BlackElo "1782"]
[WhiteFideId "1105663"]
[BlackFideId "1179810"]
[EventDate "2011.12.17"]

1. d4 d5 2. c4 e6 3. Nf3 Nf6 4. e3 c6 5. Nbd2 Nbd7 6. Bd3 Bd6 7. O-O O-O 8. e4
dxe4 9. Nxe4 Nxe4 10. Bxe4 h6 11. Bc2 Qc7 12. Re1 b6 13. Qd3 Nf6 14. Ne5 h5 15.
Bg5 1-0

[Event "European Rapid 2011"]
[Site "Warsaw POL"]
[Date "2011.12.17"]
[Round "1"]
[White "Dziuba, Marcin"]
[Black "Oprandi, William"]
[Result "1-0"]
[WhiteTitle "GM"]
[WhiteElo "2589"]
[BlackElo "1779"]
[WhiteFideId "1112953"]
[BlackFideId "20600470"]
[EventDate "2011.12.17"]

1. d4 Nf6 2. c4 e6 3. g3 d5 4. Nf3 Bb4+ 5. Bd2 Qe7 6. Bg2 O-O 7. O-O c5 8. dxc5
Bxc5 9. cxd5 Nxd5 10. Nc3 Re8 11. Rc1 Nc6 12. Qc2 Bb6 13. Nxd5 exd5 14. Ng5 g6
15. Bxd5 Be6 16. Nxe6 fxe6 17. Bxc6 Rec8 18. Qe4 Rxc6 19. Rxc6 bxc6 20. Qxc6 Rf8
21. e3 Rd8 22. Bc3 Qd7 23. Qxd7 Rxd7 24. Kg2 Kf7 25. Kf3 Rd5 26. Ke2 Ba5 27. Rd1
Bxc3 28. Rxd5 exd5 29. bxc3 Ke6 30. Kd3 Kd6 31. Kd4 a6 32. g4 h6 33. f4 a5 34.
a4 1-0

[Event "European Rapid 2011"]
[Site "Warsaw POL"]
[Date "2011.12.17"]
[Round "1"]
[White "Hagner, Pawel"]
[Black "Mista, Aleksander"]
[Result "0-1"]
[BlackTitle "GM"]
[WhiteElo "1777"]
[BlackElo "2587"]
[WhiteFideId "1121634"]
[BlackFideId "1110381"]
[EventDate "2011.12.17"]

1. d4 g6 2. Nf3 Bg7 3. Bf4 d6 4. e3 Nd7 5. c3 e5 6. dxe5 dxe5 7. Bg3 Nh6 8. e4
O-O 9. Bc4 Kh8 10. O-O Qe7 11. h3 f6 12. Nbd2 Nc5 13. Qe2 Nf7 14. Nb3 Ne6 15.
Rad1 Nd6 16. Bd3 b6 17. Nbd2 Nc5 18. Bc2 Ba6 19. c4 Ne6 20. b3 c5 21. Nb1 Nd4
22. Nxd4 cxd4 23. Bd3 Bb7 24. Rc1 Rae8 25. c5 bxc5 26. Rxc5 Nxe4 27. Bxe4 Bxe4
28. Rcc1 f5 29. f3 Ba8 30. Nd2 Rc8 31. Nc4 Rfe8 32. Rfe1 e4 33. Nd6 Rxc1 34.
Rxc1 Rf8 35. Qc4 f4 36. Bh4 Qxd6 0-1

[Event "European Rapid 2011"]
[Site "Warsaw POL"]
[Date "2011.12.17"]
[Round "1"]
[White "Swiercz, Dariusz"]
[Black "Jangwa, Valentin"]
[Result "1-0"]
[WhiteTitle "GM"]
[WhiteElo "2584"]
[BlackElo "1777"]
[WhiteFideId "1126881"]
[BlackFideId "664600"]
[EventDate "2011.12.17"]

1. e4 e6 2. d4 d5 3. Nd2 g6 4. Ngf3 Bg7 5. Bd3 Nf6 6. e5 Nfd7 7. h4 c5 8. c3 Nc6
9. h5 c4 10. Bc2 Nb6 11. Nf1 Bd7 12. Bg5 Qc7 13. h6 Bf8 14. Bf6 Rg8 15. Ng5 Be7
16. Nxh7 O-O-O 17. Ne3 Bxf6 18. Nxf6 Rh8 19. Qf3 Rdf8 20. Neg4 Ne7 21. O-O Nf5
22. h7 Bc6 23. g3 Nd7 24. Nxd7 Qxd7 25. Nf6 Qe7 26. Bxf5 gxf5 27. Kg2 Kc7 28.
Rh1 Kb6 29. Rh4 a6 30. Rah1 Ka7 31. g4 fxg4 32. Rxg4 Bb5 33. Rh3 Qd8 34. Rhg3
Qa5 35. a3 Qa4 36. Qe2 Qb3 37. Rg8 Rfxg8 38. hxg8=Q Rxg8 39. Rxg8 Qa2 40. Qc2
Qa1 41. Rh8 Bc6 42. Rh1 Qa2 43. Rh7 Qa1 44. Rxf7 Qe1 45. Rh7 Qa1 46. Rh1 Qa2 47.
Kg3 Qb3 48. Qxb3 1-0

[Event "European Rapid 2011"]
[Site "Warsaw POL"]
[Date "2011.12.17"]
[Round "1"]
[White "Chmielewska, Joanna"]
[Black "Ruck, Robert"]
[Result "0-1"]
[BlackTitle "GM"]
[WhiteElo "1774"]
[BlackElo "2579"]
[WhiteFideId "1136232"]
[BlackFideId "705713"]
[EventDate "2011.12.17"]

1. e4 c5 2. Nf3 d6 3. d4 cxd4 4. Nxd4 Nf6 5. Nc3 a6 6. f4 Nbd7 7. Bd3 b5 8. Be3
Bb7 9. Qf3 e6 10. O-O Be7 11. a3 O-O 12. f5 e5 13. Nde2 Rc8 14. Rad1 Nb6 15. Ng3
Nc4 16. Bxc4 Rxc4 17. Rd3 Qa8 18. b3 Rc7 19. Bg5 Rfc8 20. Bxf6 Bxf6 21. Nd5 Bxd5
22. Rxd5 Rxc2 23. Rxd6 Qa7+ 24. Kh1 Be7 25. Rd5 Bxa3 26. f6 g6 27. Nf5 Bf8 28.
Ng3 R2c3 29. Rd3 Qd4 30. Rxd4 Rxf3 31. Rdd1 Rxb3 32. Rd5 Re8 33. h3 Rxg3 0-1

[Event "European Rapid 2011"]
[Site "Warsaw POL"]
[Date "2011.12.17"]
[Round "1"]
[White "Fedorov, Alexei"]
[Black "Dadello, Andrzej"]
[Result "1-0"]
[WhiteTitle "GM"]
[WhiteElo "2579"]
[BlackElo "1772"]
[WhiteFideId "13500465"]
[BlackFideId "1177370"]
[EventDate "2011.12.17"]

1. e4 c5 2. d3 Nc6 3. g3 g6 4. Bg2 Bg7 5. f4 d6 6. Nf3 e6 7. O-O Nge7 8. c3 e5
9. f5 gxf5 10. Nh4 f4 11. Qh5 Ng6 12. Nf5 Bf8 13. gxf4 Qb6 14. Na3 c4+ 15. Be3
Nxf4 16. Rxf4 Qxb2 17. Nxc4 exf4 18. Nxb2 1-0

[Event "European Rapid 2011"]
[Site "Warsaw POL"]
[Date "2011.12.17"]
[Round "1"]
[White "Sklepinski, Artur"]
[Black "Lintchevski, Daniil"]
[Result "1/2-1/2"]
[BlackTitle "GM"]
[WhiteElo "1770"]
[BlackElo "2575"]
[WhiteFideId "1110241"]
[BlackFideId "4171055"]
[EventDate "2011.12.17"]

1. d4 Nf6 2. Nf3 g6 3. c4 Bg7 4. Nc3 O-O 5. e4 d6 6. Be2 e5 7. O-O exd4 8. Nxd4
Re8 9. Bf3 Nbd7 10. Bf4 Ne5 11. Be2 Nc6 12. Nxc6 bxc6 13. Bf3 Nd7 14. Qd2 Rb8
15. Rab1 Ne5 16. Be2 Be6 17. b3 c5 18. Bg3 Nc6 19. Bd3 Nd4 20. Nb5 Qd7 21. Nxd4
Bxd4 22. Kh1 f5 23. f3 fxe4 24. Bxe4 Bf5 25. Bd5+ Kg7 26. Rbe1 c6 27. Be4 Bxe4
28. fxe4 Rf8 29. h3 Rbe8 30. Rxf8 Rxf8 31. e5 dxe5 32. Bxe5+ Kg8 33. Bg3 Qf5 34.
Qe2 h5 35. Bd6 Rf7 36. Qe8+ Kg7 37. Be5+ Bxe5 38. Qxe5+ Qxe5 39. Rxe5 Rf5 40.
Re7+ Rf7 41. Re5 Rf5 1/2-1/2

[Event "European Rapid 2011"]
[Site "Warsaw POL"]
[Date "2011.12.17"]
[Round "1"]
[White "Kowalski, Maciej"]
[Black "Vovk, Yuri"]
[Result "0-1"]
[BlackTitle "GM"]
[WhiteElo "1768"]
[BlackElo "2571"]
[WhiteFideId "1157000"]
[BlackFideId "14113171"]
[EventDate "2011.12.17"]

1. e4 e5 2. Nf3 Nc6 3. Bb5 a6 4. Ba4 Nf6 5. O-O b5 6. Bb3 Bc5 7. Re1 O-O 8. c3
Ng4 9. d4 exd4 10. cxd4 Nxd4 11. Nxd4 Qh4 12. Be3 Qxh2+ 13. Kf1 Qh1+ 14. Ke2
Qxg2 15. Rg1 Nxe3 16. Qc1 Qxe4 17. Qxc5 Nc2+ 18. Kd1 Qxd4+ 0-1

[Event "European Rapid 2011"]
[Site "Warsaw POL"]
[Date "2011.12.17"]
[Round "1"]
[White "Moranda, Wojciech"]
[Black "Grochocinska, Urszula"]
[Result "1-0"]
[WhiteTitle "GM"]
[WhiteElo "2568"]
[BlackElo "1768"]
[WhiteFideId "1122401"]
[BlackFideId "1177931"]
[EventDate "2011.12.17"]

1. d4 d5 2. c4 e6 3. Nf3 c5 4. cxd5 exd5 5. Nc3 Nf6 6. Bg5 Be6 7. e3 Nc6 8. Be2
c4 9. O-O Be7 10. b3 cxb3 11. Qxb3 Rb8 12. Bf4 Bd6 13. Bg5 Be7 14. Ne5 O-O 15.
Nxc6 bxc6 16. Qc2 Qd7 17. Rab1 Bf5 18. Bd3 Bxd3 19. Qxd3 Qg4 20. Bf4 Rb6 21. Na4
Rxb1 22. Rxb1 Qd7 23. h3 Bd6 24. Bxd6 Qxd6 25. Nc5 Rb8 26. Rc1 h6 27. Qa3 Qc7
28. Na6 Qb6 29. Nxb8 Qxb8 30. Rxc6 Ne4 31. Qb3 1-0

[Event "European Rapid 2011"]
[Site "Warsaw POL"]
[Date "2011.12.17"]
[Round "1"]
[White "Matysiak, Samuel"]
[Black "Zontakh, Andrey"]
[Result "0-1"]
[BlackTitle "GM"]
[WhiteElo "1765"]
[BlackElo "2566"]
[WhiteFideId "1111272"]
[BlackFideId "14101130"]
[EventDate "2011.12.17"]

1. e4 c6 2. c4 d5 3. exd5 cxd5 4. cxd5 Nf6 5. Qa4+ Nbd7 6. Nc3 g6 7. Nf3 Bg7 8.
Bc4 O-O 9. d3 a6 10. Qa3 b6 11. O-O Bb7 12. Re1 Re8 13. Bf4 b5 14. Bb3 Nb6 15.
Rac1 Nbxd5 16. Nxd5 Bxd5 17. Be5 Bxb3 18. Qxb3 Qd5 19. d4 e6 20. Qa3 Nd7 21. h3
Nxe5 22. dxe5 Bf8 23. Qa5 Qd8 24. Qd2 Bg7 25. Red1 Qxd2 26. Rxd2 Bh6 27. Rdc2
Bxc1 28. Rxc1 Rac8 29. Rd1 Red8 30. Rd4 Rxd4 0-1

[Event "European Rapid 2011"]
[Site "Warsaw POL"]
[Date "2011.12.17"]
[Round "1"]
[White "Banusz, Tamas"]
[Black "Wiechowski, Bronislaw"]
[Result "1-0"]
[WhiteTitle "GM"]
[WhiteElo "2563"]
[BlackElo "1764"]
[WhiteFideId "722413"]
[BlackFideId "1141481"]
[EventDate "2011.12.17"]

1. Nf3 Nc6 2. d4 d5 3. c4 Nf6 4. Nc3 Bf5 5. Bg5 e6 6. e3 Be7 7. Bxf6 gxf6 8.
cxd5 exd5 9. Qb3 Bb4 10. Bb5 Qd6 11. O-O Bxc3 12. Qxc3 a6 13. Bxc6+ bxc6 14.
Rac1 Bd7 15. Ne1 O-O 16. Nd3 Kh8 17. Nc5 Bf5 18. Nb7 Qe7 19. Qxc6 Rac8 20. Nc5
Rg8 21. Kh1 Rg5 22. f4 Rxg2 23. Kxg2 Rg8+ 24. Kf2 Rg6 25. Rg1 Qf8 26. Rxg6 Bxg6
27. Qxf6+ 1-0

[Event "European Rapid 2011"]
[Site "Warsaw POL"]
[Date "2011.12.17"]
[Round "2"]
[White "Volokitin, Andrei"]
[Black "Lis, Marek"]
[Result "1-0"]
[WhiteTitle "GM"]
[WhiteElo "2695"]
[BlackElo "2149"]
[WhiteFideId "14107090"]
[BlackFideId "1134620"]
[EventDate "2011.12.17"]

1. e4 c5 2. Nf3 Nc6 3. d4 cxd4 4. Nxd4 d5 5. Bb5 dxe4 6. Nxc6 Qxd1+ 7. Kxd1 a6
8. Ba4 Bd7 9. Nc3 Bxc6 10. Bxc6+ bxc6 11. Nxe4 e5 12. Ke2 f5 13. Nd2 Bd6 14. Nc4
Bc7 15. Rd1 Ke7 16. Bd2 Nf6 17. Ba5 Bxa5 18. Nxa5 Rhc8 19. Nc4 Rcb8 20. Nxe5
Rxb2 21. Nxc6+ Kf8 22. Nd4 Ne4 23. Rd3 Rc8 24. Rb3 Nc3+ 25. Kd2 Ne4+ 26. Ke3
Rc3+ 27. Ke2 Rcxc2+ 28. Nxc2 Rxc2+ 29. Ke3 Rxf2 30. Rb7 Rxg2 31. Rd1 Ke8 32.
Rdd7 Rxh2 33. Rxg7 Kf8 34. Ra7 Ke8 35. Rgb7 1-0